15 Richest Countries In The World - Statistics

General Stats
  • This quiz has been taken 40 times
  • The average score is 8 of 15
Answer Stats
Answer % Correct
1 Qatar
80%
12 Saudi Arabia
74%
4 Singapore
71%
3 Norway
69%
7 Kuwait
66%
9 Switzerland
63%
15 Bahrain
57%
5 Brunei
46%
14 Iceland
46%
13 Netherlands
40%
11 USA
40%
6 Ireland
37%
8 UAE
31%
10 San Marino
20%
2 Luxembourg
11%
No matching quizzes found
Score Distribution
Percent of People with Each Score
Percentile by Number Answered
Your Score History
You have not taken this quiz